Cinemai chehre (Record no. 1679611)

MARC details
000 -LEADER
fixed length control field 00696 a2200229 4500
005 - DATE AND TIME OF LATEST TRANSACTION
control field 20260415124444.0
008 - FIXED-LENGTH DATA ELEMENTS--GENERAL INFORMATION
fixed length control field 260415b |||||||| |||| 00| 0 eng d
020 ## - INTERNATIONAL STANDARD BOOK NUMBER
International Standard Book Number 97881969274093 (hbk)
037 ## - SOURCE OF ACQUISITION
Terms of availability TB
040 ## - CATALOGING SOURCE
Original cataloging agency CRL
Transcribing agency CRL
041 ## - LANGUAGE CODE
Source of code URD
Language code of text/sound track or separate title URD
084 ## - COLON CLASSIFICATION NUMBER
Classification number NW44v 168R5
Assigning agency CRL
100 ## - MAIN ENTRY--PERSONAL NAME
Personal name Qaimi, Muntazir
9 (RLIN) 1115704
245 ## - TITLE STATEMENT
Title Cinemai chehre
260 ## - PUBLICATION, DISTRIBUTION, ETC.
Place of publication, distribution, etc. New Delhi, India:
Name of publisher, distributor, etc. Naamak Publications,
Date of publication, distribution, etc. 2025.
300 ## - PHYSICAL DESCRIPTION
Extent 135p.
365 ## - TRADE PRICE
Price amount 399.00
Currency code INR
650 ## - SUBJECT ADDED ENTRY--TOPICAL TERM
Topical term or geographic name entry element Motion Pictures-India
9 (RLIN) 815884
650 ## - SUBJECT ADDED ENTRY--TOPICAL TERM
Topical term or geographic name entry element History
942 ## - ADDED ENTRY ELEMENTS (KOHA)
Koha item type Textbook
Source of classification or shelving scheme Colon Classification (CC)
Classification part NW44v 168R5
Holdings
Withdrawn status Lost status Source of classification or shelving scheme Damaged status Not for loan Home library Current library Date acquired Source of acquisition Cost, normal purchase price Inventory number Total Checkouts Full call number Barcode Date last seen Cost, replacement price Price effective from Koha item type
    Colon Classification (CC)     Central Library Central Library 2026-02-14 Nadwi Publications 319.20 2049 & 14.02.2026   NW44v 168R5 CL1926190 2026-02-14 399.00 2026-02-14 Textbook
Copyright @ Delhi University Library System